Top 50 Fast-Food Chains - Statistics

General Stats
  • This quiz has been taken 354 times
  • The average score is 24 of 50
Answer Stats
Hint Answer % Correct
1 Burger McDonald's
98%
7 Burger Burger King
95%
8 Sandwich Subway
93%
6 Donuts Dunkin
92%
4 Mexican Taco Bell
92%
10 Pizza Domino's
88%
16 Chicken KFC
87%
2 Drinks/Snack Starbucks
87%
13 Pizza Pizza Hut
85%
3 Chicken Chick-fil-A
83%
5 Burger Wendy's
83%
9 Mexican Chipotle
78%
12 Chinese Panda Express
72%
15 Chicken Popeyes Louisiana Kitchen
70%
20 Pizza Papa Johns
63%
35 Burger In-N-Out Burger
58%
24 Pizza Little Caesars
57%
27 Burger Five Guys
54%
18 Sandwich Arby's
51%
17 Burger Dairy Queen
48%
28 Sandwich Jimmy John's
48%
22 Chicken Raising Cane's
48%
36 Burger Shake Shack*
47%
25 Sandwich Jersey Mike's
46%
14 Burger Sonic Drive-In
45%
21 Burger Whataburger
44%
32 Burger Carl's Jr.
43%
30 Burger Hardee's
43%
19 Burger Jack in the Box
37%
42 Mexican Del Taco
31%
38 Sandwich Firehouse Subs
31%
26 Burger Culver's
30%
23 Chicken Wingstop
29%
29 Chicken Zaxby's
29%
11 Sandwich Panera Bread
28%
37 Mexican QDOBA
28%
45 Chicken Church's Chicken
27%
48 Snacks/Sandwiches Tim Hortons
23%
44 Burger Checkers/Rally's
21%
31 Chicken Bojangles
20%
49 Mexican Moe's Southwest Grill
18%
39 Chicken El Pollo Loco
17%
34 Drink Tropical Smoothie Cafe
17%
47 Pizza Papa Murphy's
16%
43 Burger Freddy's Frozen Custard & Steakburgers
15%
40 Pizza Marco's Pizza
15%
50 Drink Smoothie King
15%
46 Snacks Auntie Anne's
12%
33 Drinks/Snacks Dutch Bros
11%
41 Sandwich McAlister's Deli
10%
No matching quizzes found
Score Distribution
Percent of People with Each Score
Percentile by Number Answered
Your Score History
You have not taken this quiz